[Event "2018 WA State Championships"]
[Site "North Woodvale Primary School"]
[Date "2018.06.10"]
[Round "4"]
[White "Gong, Patrick"]
[Black "Barry, David"]
[Result "1-0"]
[WhiteElo "2352"]
[BlackElo "1480"]

1.d4 Nf6 2.Nf3 g6 3.Bg5 Bg7 4.Nbd2 d6 5.c3 O-O 6.e4 Nc6 7.Bb5 a6 8.Bxc6 bxc6 
9.O-O h6 10.Bh4 g5 11.Bg3 Nh5 12.Re1 Nxg3 13.hxg3 Bg4 14.Nc4 Qb8 15.b4 c5 
16.bxc5 dxc5 17.Rb1 Qa7 18.e5 cxd4 19.Qxd4 Qxd4 20.Nxd4 Rab8 21.Nc6 Rxb1 
22.Rxb1 Be6 23.Ne3 Bxa2 24.Ra1 Be6 25.Rxa6 Bd7 26.Nxe7+ Kh7 27.f4 Re8 28.N3d5 Be6 
29.Rc6 Bxd5 30.Nxd5 gxf4 31.gxf4 Rd8 32.c4 h5 33.Rxc7 Kg8 34.Ne7+ Kf8 35.Nf5 Bh8 
36.c5 1-0

[Event "2018 WA State Championships"]
[Site "North Woodvale Primary School"]
[Date "2018.06.10"]
[Round "4"]
[White "Wolstencroft, Alan"]
[Black "Hardegen, Andrew"]
[Result "0-1"]
[WhiteElo "1753"]
[BlackElo "2131"]

1.e4 e6 2.d4 d5 3.e5 c5 4.c3 Nc6 5.Nf3 Bd7 6.Be3 cxd4 7.cxd4 Qb6 8.Qd2 Bb4 
9.Nc3 Na5 10.Rc1 Rc8 11.Be2 Ne7 12.O-O Nf5 13.g4 Nxe3 14.Qxe3 Nc4 15.Bxc4 Rxc4 
16.b3 Rc8 17.Ne2 O-O 18.Ng3 Ba3 19.Rxc8 Rxc8 20.Nh5 Bb5 21.Qg5 Bf8 22.Nf6+ Kh8 
23.Nxh7 Bxf1 24.Qh4 Kg8 25.Nfg5 Bd3 26.Nf6+ gxf6 27.exf6 Qxd4 28.Nf3 Rc1+ 
29.Kg2 Bf1+ 30.Kg3 Bd6+ 0-1

[Event "2018 WA State Championships"]
[Site "North Woodvale Primary School"]
[Date "2018.06.10"]
[Round "4"]
[White "Maggs, Derwent"]
[Black "Maris, Robert"]
[Result "0-1"]
[WhiteElo "2257"]
[BlackElo "1987"]

1.d4 d5 2.c4 c6 3.Nc3 Nf6 4.Nf3 dxc4 5.e4 b5 6.e5 Nd5 7.a4 e6 8.Ng5 Bb4 
9.Bd2 Be7 10.h4 h6 11.Nge4 b4 12.Nb1 Ba6 13.h5 f5 14.exf6 Nxf6 15.Nxf6+ Bxf6 
16.Bxb4 Bxd4 17.Qg4 Qf6 18.Nc3 Bxf2+ 19.Ke2 Nd7 20.Rd1 c5 21.Ba3 Ne5 22.Qe4 O-O 
23.Rd6 Rad8 24.Rxa6 Nd3 25.b3 Qxc3 26.Qxc4 Qe1# 0-1

[Event "2018 WA State Championships"]
[Site "North Woodvale Primary School"]
[Date "2018.06.10"]
[Round "4"]
[White "Maris, Natalie"]
[Black "Simonds, Marcus"]
[Result "1/2-1/2"]
[WhiteElo "1679"]
[BlackElo "1725"]

1.e4 e6 2.d4 d5 3.e5 c5 4.c3 Nc6 5.Nf3 Bd7 6.Be2 Rc8 7.a3 cxd4 8.cxd4 Nge7 
9.b4 Nf5 10.Bb2 Be7 11.Bd3 O-O 12.Bxf5 exf5 13.O-O Be6 14.Nc3 Kh8 15.Re1 g5 
16.Ne2 g4 17.Nd2 Bg5 18.Ng3 Rg8 19.Nh5 Rg6 20.f4 Be7 21.Nf1 Rh6 22.Nfg3 Qg8 
23.Rc1 Qg6 24.b5 Na5 25.Rxc8+ Bxc8 26.Qc2 Nc4 27.Bc1 Rxh5 28.Nxh5 Qxh5 
29.g3 Qg6 30.a4 Qb6 31.Rd1 Bb4 32.Rd3 Be6 33.Kg2 Qa5 34.h3 h5 35.Rd1 Kg7 
36.hxg4 hxg4 37.Rh1 Ba3 38.Kf2 Bxc1 39.Rxc1 Kf8 40.Ke2 Ke8 41.Rh1 1/2-1/2

[Event "2018 WA State Championships"]
[Site "North Woodvale Primary School"]
[Date "2018.06.10"]
[Round "4"]
[White "Ferozkohi, Ihsan"]
[Black "Gale, Brian"]
[Result "1-0"]
[WhiteElo "2238"]
[BlackElo "1502"]

1.Nf3 Nf6 2.g3 g6 3.b3 Bg7 4.Bb2 O-O 5.Bg2 c5 6.c4 Nc6 7.O-O Qc7 8.Nc3 a6 
9.d4 cxd4 10.Nxd4 Re8 11.e4 h5 12.Qd2 Nxd4 13.Qxd4 Ng4 14.Qxg7+ Kxg7 
15.Nd5+ Qe5 16.Bxe5+ Nxe5 17.Nc7 Kf8 18.Nxa8 e6 19.h3 b5 20.f4 Nc6 
21.cxb5 axb5 22.Nc7 Rd8 23.Nxb5 Ba6 24.a4 Rb8 25.Rfd1 Ke7 26.Bf1 1-0

[Event "2018 WA State Championships"]
[Site "North Woodvale Primary School"]
[Date "2018.06.10"]
[Round "4"]
[White "Dunlop, Gordon"]
[Black "Fu, Yihe (Rebo)"]
[Result "0-1"]
[WhiteElo "1895"]
[BlackElo "1892"]

1.e4 d6 2.d4 Nf6 3.Nc3 g6 4.Nf3 Bg7 5.Be2 Nbd7 6.O-O O-O 7.a4 c5 8.e5 Ne8 
9.e6 fxe6 10.Ng5 Nc7 11.Nb5 Rf6 12.Bg4 e5 13.Nxc7 Qxc7 14.Ne6 Qb6 15.a5 Qb4 
16.Nc7 Rb8 17.c3 Qc4 18.Bg5 cxd4 19.Bxf6 Nxf6 20.Bxc8 Rxc8 21.cxd4 Qxc7 
22.dxe5 dxe5 23.g3 Qc2 24.Rc1 Qxc1 25.Qxc1 Rxc1 26.Rxc1 Nd5 27.Rc8+ Kf7 
28.Rb8 b6 29.Rb7 bxa5 30.Rxa7 e4 31.Rxa5 Ke6 32.Rb5 Ke5 33.Kf1 Kd4 
34.Ke2 Kc4 35.Rb7 Bd4 36.b3+ Kc5 37.h3 h6 38.Rb8 Bf6 39.f4 Kd4 40.Rg8 g5 
41.fxg5 hxg5 42.Rd8 e3 43.Rd7 Ke4 0-1

[Event "2018 WA State Championships"]
[Site "North Woodvale Primary School"]
[Date "2018.06.10"]
[Round "4"]
[White "Lakner, Jay"]
[Black "Milovanovic, Stevica"]
[Result "1-0"]
[WhiteElo "2098"]
[BlackElo "1208"]

1.c4 c5 2.Nc3 Nf6 3.g3 Nc6 4.Bg2 g6 5.Nf3 b6 6.d4 cxd4 7.Nxd4 Bb7 8.e4 Nxd4 
9.Qxd4 Qc7 10.Nd5 Bxd5 11.cxd5 Qc5 12.Be3 Qxd4 13.Bxd4 Bg7 14.d6 Nh5 
15.Bxg7 Nxg7 16.dxe7 Kxe7 17.O-O-O Rac8+ 18.Kb1 Ne6 19.Rd2 Rc7 20.Rhd1 Rd8 
21.Bf1 d6 22.b4 a5 23.a3 Rc3 24.Kb2 axb4 25.axb4 Rc7 26.Bb5 Rdc8 27.Ba4 Rd8 
28.Bb3 Rcd7 29.Ra1 Ng5 30.h4 Nf3 31.Rd5 Ne5 32.Ra6 Rb7 33.f4 Nc6 34.Rb5 Nd4 
35.Rbxb6 Rxb6 36.Rxb6 Nxb3 37.Kxb3 h5 38.b5 Rc8 39.Rc6 Kd7 40.Rxc8 Kxc8 
41.Kc4 f5 42.exf5 gxf5 43.Kd5 Kc7 44.b6+ Kd7 45.b7 Kc7 46.b8=Q+ Kxb8 
47.Kxd6 Kc8 48.Ke6 Kd8 49.Kxf5 Ke8 50.Kg6 Kf8 51.Kxh5 1-0

[Event "2018 WA State Championships"]
[Site "North Woodvale Primary School"]
[Date "2018.06.10"]
[Round "4"]
[White "Gao, Oscar"]
[Black "Kinsman, Craig"]
[Result "0-1"]
[WhiteElo "763"]
[BlackElo "1961"]

1.e4 c5 2.Nf3 d6 3.d4 cxd4 4.Nxd4 Nf6 5.Nc3 a6 6.a4 e5 7.Nf3 Be7 8.Bc4 Qc7 
9.Bb3 Be6 10.Bxe6 fxe6 11.Be3 Nc6 12.Qd2 O-O 13.O-O Rad8 14.Qe2 d5 15.Rad1 d4 
16.Qc4 Qc8 17.Ng5 Rd6 18.Ne2 h6 19.Nf3 dxe3 20.fxe3 Rxd1 21.Rxd1 Nd4 
22.Qd3 Nxf3+ 23.gxf3 Rd8 24.Nd4 exd4 25.exd4 Rxd4 26.Qe2 Rxd1+ 27.Qxd1 Bc5+ 
28.Kh1 Qd7 29.Qe2 Qd4 30.Qe1 Qxb2 31.Qd1 Qd4 32.Qb1 Qf2 33.Qd1 e5 34.c4 Kh7 35.a5 Nh5 0-1

[Event "2018 WA State Championships"]
[Site "North Woodvale Primary School"]
[Date "2018.06.10"]
[Round "4"]
[White "Ong, Celine"]
[Black "Laugery, Bernard"]
[Result "1/2-1/2"]
[WhiteElo "851"]
[BlackElo "1126"]

1.e4 e5 2.Nf3 Nc6 3.Nc3 Nf6 4.Be2 Be7 5.O-O O-O 6.d3 h6 7.h3 d6 8.Be3 Bd7 
9.Qd2 a6 10.d4 exd4 11.Nxd4 Nxd4 12.Bxd4 c5 13.Be3 Bc6 14.Bf3 Qc7 15.Nd5 Bxd5 
16.exd5 Rfe8 17.c4 Bd8 18.b3 Ne4 19.Qc2 Nf6 20.Rfe1 Be7 21.Rad1 Bf8 22.a3 Re7 
23.b4 b6 24.Qc3 Ne4 25.Qc2 Rae8 26.Bf4 Nf6 27.Qc3 Rxe1+ 28.Rxe1 Rxe1+ 29.Qxe1 Qe7 
30.Qb1 Qc7 31.a4 cxb4 32.Qxb4 Qc5 33.Qb3 Nd7 34.Bg4 Qc7 35.Qd3 Nc5 36.Qc2 Qe7 
37.Qb1 Nxa4 38.Qb4 Nc5 39.Qxb6 Qe1+ 40.Kh2 Qxf2 41.Bxd6 Bxd6+ 42.Qxd6 Ne4 
43.Qb8+ Kh7 44.Qb1 f5 45.Bf3 Qg3+ 46.Kg1 Qf2+ 47.Kh1 Ng3+ 1/2-1/2

[Event "2018 WA State Championships"]
[Site "North Woodvale Primary School"]
[Date "2018.06.17"]
[Round "5"]
[White "Kurniawan, Stephanus"]
[Black "Gong, Patrick"]
[WhiteElo "2369"]
[BlackElo "2352"]
[Result "1/2-1/2"]

1. e4 d6 2. d4 Nf6 3. Nc3 g6 4. f3 a6 5. Be3 Nbd7 6. Qd2 b5 7. h4 h5 8.
O-O-O Bb7 9. Nh3 Bg7 10. Ng5 e6 11. e5 Nd5 12. Nxd5 Bxd5 13. exd6 cxd6 14.
Ne4 Qc7 15. Kb1 Bxe4 16. fxe4 Nf6 17. Bd3 Ng4 18. Be2 Nf6 19. Bf3 Rc8 20.
Bg5 Nd7 21. g4 Nb6 22. gxh5 Nc4 23. Qc1 gxh5 24. Rd3 Qb6 25. Qd1 b4 26. Rh2
a5 27. Bxh5 a4 28. Rf2 Rc7 29. Bc1 Qb5 30. Qg4 Qxh5 31. Qxg7 Qxh4 32. Rdf3
Qh7 33. Qg5 Qh5 34. Qg2 1/2-1/2

[Event "2018 WA Open Championship"]
[Site "Drabble House, Nedlands"]
[Date "2018.06.14"]
[Round "5"]
[White "Hardegen, Andrew"]
[Black "Kelly, Adam"]
[WhiteElo "2131"]
[BlackElo "2104"]
[Result "1-0"]

1.d4 Nf6 2.c4 e6 3.Nc3 Bb4 4.e3 O-O 5.Bd3 d5 6.cxd5 exd5 7.Ne2 Re8 8.O-O Bd6 
9.Bd2 Ng4 10.g3 c6 11.e4 dxe4 12.Nxe4 Be7 13.Qb3 b5 14.Qc2 h6 15.Rad1 Nf6 
16.Nf4 Nxe4 17.Bxe4 Bf8 18.d5 Bg4 19.f3 Qb6+ 20.Kg2 Bd7 21.Bc3 Na6 22.dxc6 Bxc6 
23.Nd5 Bxd5 24.Rxd5 Rad8 25.Rfd1 Rxd5 26.Rxd5 Nc7 27.Bd4 Qb8 28.Rd7 Re7 29.Rxe7 
Bxe7 30.Be5 Bd8 31.Qc3 b4 32.Qd4 Ne6 33.Bxb8 Nxd4 34.Bxa7 Bf6 35.Bc5 Nb5 36.Bxb4 
Bxb2 37.a4 Bc3 38.Bxc3 Nxc3 39.Bc6 Na2 40.a5 Nb4 41.Bb7 f5 42.a6 Nxa6 43.Bxa6 g5 
44.Bc8 f4 45.gxf4 Kg7 46.fxg5 hxg5 47.Kg3 Kg6 48.Kg4 1-0

[Event "2018 WA State Championships"]
[Site "North Woodvale Primary School"]
[Date "2018.06.17"]
[Round "5"]
[White "Maris, Robert"]
[Black "Ferozkohi, Ihsan"]
[WhiteElo "1987"]
[BlackElo "2238"]
[Result "0-1"]

1. c4 e6 2. Nc3 d5 3. e3 Nf6 4. b3 c6 5. Nf3 Bd6 6. d4 Nbd7 7. Be2 e5 8.
dxe5 Nxe5 9. cxd5 Qa5 10. Bd2 Nxd5 11. Ne4 Nxf3+ 12. Bxf3 Bb4 13. Nd6+ Ke7
14. Nc4 Bxd2+ 15. Qxd2 Qxd2+ 16. Kxd2 Be6 17. e4 Nc7 18. Na5 Rad8+ 19. Ke3
Bc8 20. Be2 f5 21. f3 Rhe8 22. Rad1 Rxd1 23. Rxd1 Kf8 24. Bc4 g6 25. Rd6
Ke7 26. e5 Rf8 27. f4 Ne8 28. Rd2 h6 29. b4 Rh8 30. a3 Rh7 31. g3 Kf8 32.
h4 Rc7 33. Nb3 Ke7 34. Be2 h5 35. Bf3 Bd7 36. Rc2 Ng7 37. b5 Ne6 38. bxc6
bxc6 39. Nc5 Nxc5 40. Rxc5 Rb7 41. Rc3 a5 42. Kd4 Rb6 43. Kc5 Rb5+ 44. Kd4
Rb6 45. Kc5 Rb8 46. Bd1 Rb5+ 47. Kd4 Rd5+ 0-1

[Event "2018 WA State Championships"]
[Site "North Woodvale Primary School"]
[Date "2018.06.17"]
[Round "5"]
[White "Fu, Yihe (Rebo)"]
[Black "Maris, Natalie"]
[WhiteElo "1892"]
[BlackElo "1679"]
[Result "1-0"]

1. e4 d5 2. exd5 Qxd5 3. Nc3 Qd6 4. d4 Nf6 5. Bc4 a6 6. Be3 b5 7. Bb3 Bb7
8. Nf3 e6 9. a3 Be7 10. Qd2 O-O 11. O-O-O Rd8 12. Rde1 Nbd7 13. Bf4 Qb6 14.
Ng5 b4 15. axb4 Bxb4 16. Nxe6 fxe6 17. Rxe6 1-0

[Event "2018 WA State Championships"]
[Site "North Woodvale Primary School"]
[Date "2018.06.17"]
[Round "5"]
[White "Simonds, Marcus"]
[Black "Maggs, Derwent"]
[WhiteElo "1725"]
[BlackElo "2257"]
[Result "0-1"]

1. d4 e6 2. Nf3 d5 3. e3 Bd6 4. Bd3 Nf6 5. Nbd2 Nbd7 6. O-O c5 7. b3 O-O 8.
Bb2 Qc7 9. c4 b6 10. Rc1 Qb8 11. Re1 e5 12. dxe5 Nxe5 13. Nxe5 Bxe5 14.
Bxe5 Qxe5 15. Nf3 Qh5 16. cxd5 Nxd5 17. h3 Bb7 18. a3 Rad8 19. Qe2 Nf6 20.
Red1 Rd5 21. Ba6 Ba8 22. Rxd5 Nxd5 23. Bc4 Re8 24. Qd1 Nf6 25. Be2 Qf5 26.
Qd3 Qxd3 27. Bxd3 Bd5 28. Bc4 Bxc4 29. Rxc4 Rd8 30. b4 Nd7 31. bxc5 Nxc5
32. Nd4 Rd7 33. Kf1 g6 34. Ke2 Kg7 35. a4 Nb7 36. Nb3 h5 37. Rc8 Nd6 38.
Rc2 Nf5 39. g4 Ne7 40. Nd4 Kh6 41. f4 Nd5 42. g5+ Kg7 43. h4 Nxf4+ 44. exf4
Rxd4 45. a5 Rxf4 46. axb6 axb6 47. Rb2 Rxh4 48. Rxb6 Rf4 0-1

[Event "2018 WA State Championships"]
[Site "North Woodvale Primary School"]
[Date "2018.06.17"]
[Round "5"]
[White "Barry, David"]
[Black "Lakner,Jay"]
[WhiteElo "1480"]
[BlackElo "2098"]
[Result "0-1"]

1. e4 c5 2. Nf3 Nc6 3. d4 cxd4 4. Nxd4 g6 5. c4 Bg7 6. Be3 Nf6 7. Nc3 O-O
8. Be2 d6 9. O-O Nd7 10. Qd2 Nc5 11. Rac1 f5 12. exf5 gxf5 13. Nxc6 bxc6
14. Bh6 Bxh6 15. Qxh6 Rf6 16. Qh4 Rb8 17. b3 Qf8 18. f4 e5 19. fxe5 Rh6 20.
Qf4 dxe5 21. Qxe5 Bd7 22. Rcd1 Re8 23. Qf4 Bc8 24. Rf3 Rg6 25. Rh3 Ne6 26.
Qf2 Ng5 27. Rhd3 Qh6 28. Kh1 Nf7 29. Qxa7 f4 30. Qf2 Bf5 31. Rd4 Bg4 32.
Bxg4 Rxg4 33. Ne2 Rh4 34. h3 Rxh3+ 35. gxh3 Qxh3+ 36. Kg1 Qg4+ 37. Qg2
Qxg2+ 38. Kxg2 Rxe2+ 39. Kf3 Rxa2 40. Rg1+ Kf8 41. Rxf4 Rb2 42. Kg4 Rxb3
43. Rf6 Ke7 44. Rf4 Re3 45. Ra1 Ne5+ 46. Kf5 Kd6 47. c5+ Kd5 48. Rh1 Nd3
49. Rfh4 Kxc5 50. Rxh7 Kc4 51. R1h3 Re5+ 52. Kf6 Rd5 53. R7h4+ Kc3 54. Ke6
Ra5 55. Kd6 c5 56. Rh5 Ra6+ 57. Kd5 c4 58. Rg5 Ra5+ 59. Ke4 Rxg5 0-1

[Event "2018 WA State Championships"]
[Site "North Woodvale Primary School"]
[Date "2018.06.17"]
[Round "5"]
[White "Kinsman, Craig"]
[Black "Hintz, Steven"]
[WhiteElo "1961"]
[BlackElo "1592"]
[Result "1-0"]

1. e4 c6 2. d4 d5 3. Nc3 dxe4 4. Nxe4 Bf5 5. Ng3 Bg6 6. N1e2 Nf6 7. Nf4 e6
8. c3 Nbd7 9. h4 Bf5 10. Nxf5 exf5 11. Bd3 Qb6 12. Qe2+ Kd8 13. Bxf5 Bd6
14. O-O Kc7 15. Be3 Rae8 16. d5 Bc5 17. Bxd7 Kxd7 18. dxc6+ Qxc6 19. Qd3+
Kc7 20. Bxc5 Qxc5 21. Qg3 Kc8 22. Rae1 g6 23. Nd3 Qd5 24. c4 Qf5 25. Ne5
Ne4 26. Rxe4 Qxe4 27. Nxf7 Rd8 28. Nxh8 Rxh8 29. b3 Rd8 30. f3 Qe3+ 31. Qf2
Qf4 32. Qxa7 Rd2 33. Qc5+ Kb8 34. Re1 Qxh4 35. Re8+ Rd8 36. Qd6+ Kc8 37.
Qxd8+ Qxd8 38. Rxd8+ 1-0

[Event "2018 WA State Championships"]
[Site "North Woodvale Primary School"]
[Date "2018.06.17"]
[Round "5"]
[White "Laugery, Bernard"]
[Black "Wolstencroft, Alan"]
[WhiteElo "1126"]
[BlackElo "1753"]
[Result "0-1"]

1. e4 c5 2. Nf3 Nc6 3. d3 d6 4. h3 Nf6 5. Nc3 g6 6. Be2 Bg7 7. O-O O-O 8.
Bg5 e6 9. Qd2 Re8 10. Rfe1 a6 11. Rad1 Qc7 12. Bf1 b5 13. Nb1 Bb7 14. c3 b4
15. c4 a5 16. a3 Nd7 17. Qc1 Rec8 18. Be3 Nb6 19. Qc2 Ne5 20. Nxe5 dxe5 21.
Qe2 Qd6 22. Bc1 Nd7 23. Be3 Nb8 24. Qd2 Nc6 25. f3 Nd4 26. Qf2 Rf8 27. f4
exf4 28. Bxf4 e5 29. Bh2 Bc6 30. Rd2 Rab8 31. Kh1 Bh6 32. Rdd1 Ba4 33. Rd2
Bxd2 34. Qxd2 Rbe8 35. Qf2 Bd7 36. Qg3 Re7 37. Nd2 Rfe8 38. Nf3 Nxf3 39.
gxf3 Qd4 40. Bg1 Qd6 41. Qf2 Rc8 42. Qg3 Kh8 43. h4 f5 44. Qg5 f4 45. Bf2
Rf7 46. Be2 Qf6 47. Rg1 Qxg5 48. Rxg5 Re7 49. h5 Kg7 50. Bh4 Ree8 51. hxg6
hxg6 52. Rg1 Rh8 53. Rg2 Rxh4+ 54. Kg1 Rch8 0-1

[Event "2018 WA State Championships"]
[Site "North Woodvale Primary School"]
[Date "2018.06.17"]
[Round "5"]
[White "Gale, Brian"]
[Black "Gao, Oscar"]
[WhiteElo "1502"]
[BlackElo "763"]
[Result "1-0"]

1. e4 e5 2. Nf3 Nc6 3. d4 exd4 4. Nxd4 d6 5. Nc3 Nf6 6. Be2 Be7 7. Be3 O-O
8. Qd2 Nxd4 9. Bxd4 Be6 10. O-O d5 11. e5 Ne4 12. Nxe4 dxe4 13. Qe3 Bg5 14.
Qxe4 Bd5 15. Qd3 Bf4 16. g3 Bh6 17. b3 Qd7 18. Rad1 Qh3 19. Bf3 Rad8 20.
Bxd5 Rxd5 21. Qf3 c6 22. Bb2 Rfd8 23. Rxd5 Rxd5 24. Rd1 Qd7 25. Rxd5 cxd5
26. Qd3 g6 27. c4 d4 28. Qxd4 Qe6 29. Qd5 Qf5 30. Qd8+ Bf8 31. Qd1 Bg7 32.
f4 Qe4 33. Kf2 Qc6 34. Qd8+ Bf8 35. Ba3 Qb6+ 36. Qxb6 axb6 37. Bxf8 Kxf8
38. Ke3 Ke7 39. Kd4 Ke6 40. g4 h6 41. h4 h5 42. gxh5 gxh5 43. Ke4 f5+ 44.
exf6 Kxf6 45. b4 Ke6 46. a4 Kf6 47. f5 Kf7 48. Ke5 Ke7 49. f6+ Kf7 50. c5
bxc5 51. bxc5 Kf8 52. a5 Ke8 53. Ke6 Kf8 54. c6 bxc6 55. a6 Kg8 56. a7 c5
57. a8=Q+ Kh7 58. Qb7+ 1-0

[Event "2018 WA State Championships"]
[Site "North Woodvale Primary School"]
[Date "2018.06.17"]
[Round "5"]
[White "Milovanovic, Stevica"]
[Black "Dunlop, Gordon"]
[WhiteElo "1208"]
[BlackElo "1895"]
[Result "1-0"]

1. d4 Nf6 2. Nf3 e6 3. Bf4 Be7 4. e3 O-O 5. Nbd2 a6 6. Bd3 b5 7. e4 Bb7 8.
h4 d5 9. e5 Ne4 10. Ng5 Nxg5 11. hxg5 g6 12. Qg4 h5 13. gxh6 Kh7 14. Nf3
Nd7 15. Ng5+ Bxg5 16. Bxg5 Qe8 17. Qf4 c5 18. c3 cxd4 19. cxd4 Rc8 20. Bf6
Nxf6 21. Qxf6 Rg8 22. g4 Rc7 23. g5 Qf8 24. a3 b4 25. O-O a5 26. Rfc1 Qc8
27. Rxc7 Qxc7 28. axb4 axb4 29. Bb5 Bc8 30. Be8 1-0

[Event "2018 WA State Championships"]
[Site "North Woodvale Primary School"]
[Date "2018.06.24"]
[Round "6"]
[White "Hardegen, Andrew"]
[Black "Kurniawan, Stephanus"]
[WhiteElo "2131"]
[BlackElo "2369"]
[Result "0-1"]

1. d4 Nf6 2. c4 c5 3. d5 b5 4. cxb5 a6 5. bxa6 g6 6. Nc3 Bxa6 7. e4 Bxf1 8.
Kxf1 d6 9. Nf3 Bg7 10. g3 O-O 11. Kg2 Nbd7 12. a4 Ra6 13. Ra3 Qa8 14. Qc2
Rb8 15. Nb5 Ne8 16. Bg5 Kf8 17. Nd2 Nb6 18. a5 Nxd5 19. Nxd6 Rxd6 20. exd5
Rxd5 21. Rf3 Rxg5 0-1

[Event "2018 WA State Championships"]
[Site "North Woodvale Primary School"]
[Date "2018.06.24"]
[Round "6"]
[White "Gong, Patrick"]
[Black "Fu, Yihe (Rebo)"]
[WhiteElo "2352"]
[BlackElo "1892"]
[Result "1-0"]

1. Nf3 d5 2. g3 c5 3. c4 Nf6 4. Bg2 g6 5. b3 Bg7 6. Bb2 O-O 7. O-O Nc6 8.
d3 d4 9. Na3 e5 10. Nc2 Qc7 11. Ba3 Nd7 12. b4 cxb4 13. Nxb4 Nxb4 14. Bxb4
Re8 15. Rb1 Rb8 16. Qa4 b6 17. Ng5 Bb7 18. Ne4 Bxe4 19. Bxe4 Nc5 20. Bxc5
bxc5 21. Rb7 Qd6 22. Rxa7 Rec8 23. Rd7 Qb6 24. Bd5 Rf8 25. Kg2 Qb2 26. Qa7
Kh8 27. Bf3 Kg8 28. h4 Qb6 29. Qxb6 Rxb6 30. a4 Ra6 31. Ra1 f5 32. Bd5+ Kh8
33. Rb1 Rg8 34. Rbb7 Rxa4 35. Rxg7 1-0

[Event "2018 WA State Championships"]
[Site "North Woodvale Primary School"]
[Date "2018.06.24"]
[Round "6"]
[White "Ferozkohi, Ihsan"]
[Black "Maggs, Derwent"]
[WhiteElo "2238"]
[BlackElo "2257"]
[Result "1-0"]

1. d4 e6 2. c4 f5 3. Nc3 Nf6 4. Nf3 Bb4 5. Qb3 a5 6. a3 a4 7. Qc2 Bxc3+ 8.
Qxc3 O-O 9. g3 d6 10. Bg2 Qe8 11. O-O Nc6 12. b4 Ne4 13. Qc2 Nd8 14. Nd2
Nxd2 15. Bxd2 e5 16. dxe5 dxe5 17. Bc3 Rf7 18. Rad1 Re7 19. Rd2 Nf7 20.
Rfd1 c6 21. f4 e4 22. Bb2 Be6 23. Qc3 Nh6 24. Rd6 Qf7 25. h3 Qg6 26. Kh2
Nf7 27. R6d4 h5 28. Qe3 Rae8 29. Qf2 Rc7 30. e3 b6 31. Bf1 c5 32. bxc5 bxc5
33. R4d2 Rb7 34. Rc2 Reb8 35. Rdd2 Rb3 36. Be2 R3b6 37. Qe1 Nd6 38. Be5 Rd8
39. Qd1 Bf7 40. Rc3 Ra6 41. Qb1 Rda8 42. Rc1 Kh7 43. g4 hxg4 44. hxg4 fxg4
45. Rxd6 Rxd6 46. Bxd6 Qh6+ 47. Kg2 Qh3+ 48. Kf2 Qh4+ 49. Kg1 Qg3+ 50. Kf1
Qxe3 51. Rc3 Qxc3 52. Qxe4+ Bg6 53. Qxa8 Qxa3 54. Be5 Qc1+ 55. Kf2 g3+ 56.
Kxg3 Qg1+ 57. Qg2 Qe3+ 58. Qf3 Qg1+ 59. Qg2 Qe3+ 60. Kh2 Qd2 61. Bf3 Qe3
62. Qh3+ Kg8 63. Bd5+ Bf7 1-0

[Event "2018 WA State Championships"]
[Site "North Woodvale Primary School"]
[Date "2018.06.24"]
[Round "6"]
[White "Kelly, Adam"]
[Black "Maris, Robert"]
[WhiteElo "2104"]
[BlackElo "1987"]
[Result "1/2-1/2"]

1. d4 d5 2. c4 c6 3. cxd5 cxd5 4. Bf4 Qb6 5. Nc3 Nf6 6. e3 e6 7. Bb5+ Bd7
8. Bxd7+ Nbxd7 9. Nge2 Nh5 10. Bg5 h6 11. Bh4 g5 12. Bg3 Nxg3 13. hxg3 Qa5
14. Qb3 Rb8 15. O-O Be7 16. Rac1 O-O 17. Rc2 Qb4 18. Qxb4 Bxb4 19. Rfc1 a6
20. a3 Bd6 21. e4 Nb6 22. e5 Be7 23. Nb1 Rfc8 24. g4 Rxc2 25. Rxc2 Rc8 26.
Rxc8+ Nxc8 27. f3 f6 28. exf6 Bxf6 29. Kf2 Nd6 30. b3 Kf7 31. Nbc3 b5 32.
Ke3 Be7 33. Kd3 Ke8 34. a4 1/2-1/2

[Event "2018 WA State Championships"]
[Site "North Woodvale Primary School"]
[Date "2018.06.24"]
[Round "6"]
[White "Wolstencroft, Alan"]
[Black "Kinsman, Craig"]
[WhiteElo "1753"]
[BlackElo "1961"]
[Result "0-1"]

1. e4 c5 2. Nf3 d6 3. d4 cxd4 4. Nxd4 Nf6 5. Nc3 a6 6. f3 h5 7. Be3 e5 8.
Nb3 Be6 9. Qd2 b5 10. O-O-O Nbd7 11. Qf2 Qc7 12. Kb1 Be7 13. Bd3 Rb8 14. h3
h4 15. g4 hxg3 16. Qxg3 Nh5 17. Qf2 g5 18. Qg2 Nf4 19. Bxf4 gxf4 20. Qg7
Bf6 21. Qg2 Ke7 22. h4 Rxh4 23. Rxh4 Bxh4 24. Rh1 Bf6 25. Rh7 Nb6 26. Qg6
Rh8 27. Qh5 Rxh7 28. Qxh7 Qc8 29. Qh2 Kd7 30. Qf2 Qc7 31. Qg2 Qb8 32. Qf2
Bd8 33. Qg2 Bc7 34. Nd2 Qd8 35. Qg7 Qh4 36. Nb3 Qh1+ 37. Nc1 Qxf3 38. Nxb5
axb5 39. Bxb5+ Ke7 40. Qg8 Nd7 41. Qc8 Bb6 42. Qh8 Qd1 43. Bxd7 Kxd7 44.
Qb8 Be3 45. Qb7+ Ke8 46. Qb8+ Ke7 47. Qc7+ Bd7 48. a3 Qxc1+ 49. Ka2 f3 0-1

[Event "2018 WA State Championships"]
[Site "North Woodvale Primary School"]
[Date "2018.06.24"]
[Round "6"]
[White "Lakner, Jay"]
[Black "Gale, Brian"]
[WhiteElo "2098"]
[BlackElo "1502"]
[Result "1-0"]

1. c4 e5 2. Nc3 Bb4 3. Nd5 Be7 4. g3 Nf6 5. Nxe7 Qxe7 6. Bg2 O-O 7. a3 e4
8. f3 d6 9. fxe4 Nxe4 10. Nf3 c6 11. O-O Na6 12. d3 Nf6 13. e4 h6 14. b4
Nc7 15. Bb2 Ng4 16. Qd2 Ne5 17. Nh4 Qg5 18. Qe2 Bg4 19. Nf3 Bxf3 20. Bxf3
Nxf3+ 21. Rxf3 Rae8 22. Qf2 Qe7 23. Rf1 b6 24. Rf5 f6 25. Qc2 Ne6 26. Kg2
Kh7 27. Qa4 c5 28. Qd1 Ng5 29. Qg4 Kg8 30. h4 Nh7 31. Rh5 Qe6 32. Qg6 Kh8
33. Rd5 Re7 34. Bc1 Rd8 35. Bf4 Nf8 36. Qh5 g6 37. Qf3 h5 38. e5 Qg4 39.
Qxg4 hxg4 40. exf6 Re2+ 41. Rf2 Re6 42. h5 gxh5 43. Rxh5+ Kg8 44. Rg5+ Kf7
45. Rxg4 Nh7 46. Rg7+ Kxf6 47. Rxh7 Kg6 48. Rh6+ Kf5 49. Be3+ 1-0

[Event "2018 WA State Championships"]
[Site "North Woodvale Primary School"]
[Date "2018.06.24"]
[Round "6"]
[White "Maris, Natalie"]
[Black "Milovanovic, Stevica"]
[WhiteElo "1679"]
[BlackElo "1208"]
[Result "1-0"]

1. e4 e6 2. d4 d5 3. e5 c5 4. c3 Nc6 5. Nf3 Bd7 6. Be2 Rc8 7. O-O cxd4 8.
cxd4 Nge7 9. a3 Nf5 10. b4 Qb6 11. Bb2 a6 12. Qd2 Be7 13. Rd1 O-O 14. Nc3
Na7 15. Rac1 Bb5 16. Bxb5 Nxb5 17. Na4 Qd8 18. Nc5 Bxc5 19. bxc5 Rc6 20. a4
Na7 21. Ba3 Qd7 22. Rb1 Rb8 23. Rb4 Qc7 24. Rdb1 Nc8 25. g4 Nfe7 26. Qd3 b6
27. Ng5 Ng6 28. h4 h6 29. h5 hxg5 30. hxg6 fxg6 31. Qxg6 Qf7 32. Qxg5 a5
33. R4b3 Qe7 34. Qxe7 Nxe7 35. cxb6 Ng6 36. Bc5 Rb7 37. Rb5 Nf4 38. Rxa5
Ne2+ 39. Kg2 Nc3 40. Rb3 Ne4 41. Ra8+ Kh7 42. Ra7 Rxc5 43. dxc5 Nxc5 44.
Rh3+ Kg6 45. Rxb7 Nxb7 46. Rc3 Na5 47. Rc7 d4 48. b7 1-0

[Event "2018 WA State Championships"]
[Site "North Woodvale Primary School"]
[Date "2018.06.24"]
[Round "6"]
[White "Hintz, Steven"]
[Black "Simonds, Marcus"]
[WhiteElo "1592"]
[BlackElo "1725"]
[Result "0-1"]

1. e4 e6 2. d4 d5 3. Nc3 Nf6 4. Bg5 dxe4 5. Nxe4 Be7 6. Nxf6+ Bxf6 7. Be3
O-O 8. Nf3 b6 9. Qd2 Bb7 10. Be2 Nd7 11. Rg1 Rc8 12. O-O-O c5 13. Kb1 Qe7
14. g4 g6 15. h4 c4 16. c3 Be4+ 17. Kc1 b5 18. Bh6 Rfd8 19. Qe3 Bd5 20. g5
Bh8 21. h5 b4 22. hxg6 fxg6 23. Rg4 a5 24. Rd2 bxc3 25. Qxc3 Qb4 26. a3
Qxc3+ 27. bxc3 Rb8 28. Rb2 Rb3 29. Rxb3 cxb3 30. Kb2 a4 31. Nd2 Nb6 32. Ne4
Bc4 33. Bf3 Bd3 34. Nf6+ Bxf6 35. gxf6 Nc4+ 0-1

[Event "2018 WA State Championships"]
[Site "North Woodvale Primary School"]
[Date "2018.06.24"]
[Round "6"]
[White "Laugery, Bernard"]
[Black "Barry, David"]
[WhiteElo "1126"]
[BlackElo "1480"]
[Result "0-1"]

1. e4 c5 2. Nf3 d6 3. Nc3 a6 4. h3 Nf6 5. d3 e6 6. Bg5 Be7 7. Be2 O-O 8.
O-O b5 9. a3 Nc6 10. Qd2 Nd4 11. Nxd4 cxd4 12. Na2 a5 13. Rad1 e5 14. Nc1
Nxe4 15. Bxe7 Nxd2 16. Bxd8 Nxf1 17. Bh4 Ne3 18. fxe3 dxe3 19. Bg5 d5 20.
Bxe3 d4 21. Bf2 Bb7 22. Nb3 Rfc8 23. Na1 a4 24. Bg4 Rc7 25. Rd2 Ra6 26. Bg3
f6 27. Rf2 Rb6 28. Bf3 b4 29. Bxb7 Rcxb7 30. Rf1 bxa3 31. b3 axb3 32. Nxb3
Rc7 33. Nxd4 a2 34. Nb3 Rxc2 35. Na1 Rcb2 36. Bf2 Rb7 37. Kh2 Rb1 38. Rg1
Rxg1 39. Bxg1 Rb1 40. Nc2 Rc1 0-1